|
|
|
|
| LEADER |
01052nam a2200277 u 4500 |
| 001 |
10025733 |
| 003 |
upatras |
| 005 |
20210117205921.0 |
| 008 |
970129s1996 us eng |
| 020 |
|
|
|a 0387946152
|
| 040 |
|
|
|a GR-PaULI
|c GR-PaULI
|
| 041 |
0 |
|
|a eng
|
| 082 |
0 |
4 |
|a 539.72
|
| 100 |
1 |
|
|a Roe, Byron P.
|9 151760
|
| 245 |
1 |
0 |
|a Particle physics at the new millennium
|c Byron P. Roe
|
| 260 |
|
|
|a New York
|b Springer
|c 1996
|
| 300 |
|
|
|a xiii, 406 p.
|b fig., tab.
|c 24 cm.
|
| 500 |
|
|
|a With 134 figures including nine in color
|
| 504 |
|
|
|a Includes appendix, references and index
|
| 650 |
|
4 |
|a Πυρηνική φυσική
|9 78
|
| 650 |
|
4 |
|a Σωματίδια (Πυρηνική φυσική)
|9 1007
|
| 852 |
|
|
|a GR-PaULI
|b ΠΑΤΡΑ
|b ΦΥΣΙΚΟ
|k ΑΣΧΞ-1
|h 539.72 ROE
|m 15309
|p 025000024013
|t 1
|
| 942 |
|
|
|2 ddc
|c BK15
|
| 952 |
|
|
|0 0
|1 0
|4 0
|6 539_720000000000000_ROE
|7 0
|9 195504
|a PHYS
|b PHYS
|d 2016-04-24
|i 15309
|l 0
|o 539.72 ROE
|p 025000024013
|r 2016-04-24 00:00:00
|t 1
|w 2016-04-24
|y BK15
|
| 998 |
|
|
|c ΔΡΑΚΟΠΟΥΛΟΥ
|d 1999-09
|
| 999 |
|
|
|c 119961
|d 119961
|